Catalog

Record Details

Catalog Search



A Scientific Theology : Volume 3 - Theory Cover Image Book Book

A Scientific Theology : Volume 3 - Theory Alister E. McGrath

Record details

  • ISBN: 0-8028-3927-4
  • Physical Description: 340 p.
  • Edition: First published
  • Publisher: Grand Rapids, Michigan William B. Eerdmans Publishing Company 2003

Available copies

  • 1 of 1 copy available at Common Catalog SPOK.

Holds

  • 0 current holds with 1 total copy.
Show Only Available Copies
Location Call Number / Copy Notes Barcode Shelving Location Status Due Date
ETS Library 261.5 424470007870 Volný výběr Available -

LDR 00707nam a2 00253
00133788
003CZ-PrJAB
00520051220000000.0
008051220s2003 xxk e |||| |eng
009gb
020 . ‡a0-8028-3927-4
035 . ‡a(CONS)8121
035 . ‡aKPS12251
040 . ‡aABG450
041 . ‡aeng
08214. ‡a261.5
100 . ‡7855 ‡aMcGrath, Alister E.
245 . ‡aA Scientific Theology : ‡bVolume 3 - Theory ‡cAlister E. McGrath
250 . ‡aFirst published
260 . ‡aGrand Rapids, Michigan ‡bWilliam B. Eerdmans Publishing Company ‡c2003
300 . ‡a340 p.
653 . ‡aA Scientific Theology
8524 . ‡bETS ‡bETS ‡cVolný výběr ‡j261.5 ‡gA ‡p424470007870
910 . ‡aABG450
999 . ‡a8121 ‡bAUTOGEN ‡c8121 ‡tbiblio
905 . ‡uadmin
901 . ‡a33788 ‡b ‡c33788 ‡tbiblio ‡sets

Additional Resources